Statistics for 5 Most populated cities in Senegal

Click here to take the quiz!

General Stats

  • This quiz has been taken 6 times
  • The average score is 3 of 5

Answer Stats

PopulationCity% Correct
Dakar2,5m
100%
Thies320k
75%
Touba530k
75%
Pikine880k
50%
Thies Nones252k
25%

Score Distribution

Percentile by Number Answered

Percent of People with Each Score

Your Score History

You have not taken this quiz